Herramienta para la gestión de áreas afectadas por invasiones biológicas en Colombia / (Registro nro. 17854)
[ vista simple ]
| 000 -CABECERA | |
|---|---|
| Campo de control | 01647nam a22003137a 4500 |
| 005 - FECHA Y HORA DE LA ULTIMA TRANSACCION | |
| Campo de control | 20200104041734.0 |
| 008 - ELEMENTOS DE LONGITUD FIJA—INFORMACION GENERAL | |
| Campo de control | 151109t2015 ck ||||fr||||f00| 0 spa d |
| 020 ## - ISBN | |
| ISBN | 9789588889313 |
| 040 ## - FUENTE DE CATALOGACIÓN | |
| Agencia catalogadora original | CO-BoIAVH |
| Agencia transcriptora | CO-BoIAVH |
| 041 0# - IDIOMA | |
| Código de idioma para texto/pista de sonido o título separado | Español |
| 044 ## - PAÍS DE PUBLICACIÓN | |
| País de publicación | Colombia |
| 082 04 - NUMERO DE CLASIFICACION DECIMAL DEWEY | |
| Número de clasificación | 581.620986 |
| Número del ítem | C91h |
| 245 10 - MENCION DE TITULO | |
| Título | Herramienta para la gestión de áreas afectadas por invasiones biológicas en Colombia / |
| Mención de responsabilidad | Editores: Juliana Cárdenas-Toro, María Piedad Baptiste E., Wilson Ramírez, Mauricio Aguilar Garavito |
| 260 ## - PUBLICACION, DISTRIBUCION, ETC. (PIE DE IMPRENTA) | |
| Lugar de publicación, distribución, etc. | Bogotá (Colombia) : |
| Nombre del editor, distribuidor, etc. | Instituto de Investigación de Recursos Biológicos Alexander von Humboldt, |
| Fecha de publicación, distribución, etc. | 2015. |
| 300 ## - DESCRIPCION FISICA | |
| Extensión | 154 páginas : |
| Otros detalles físicos | tablas, ilustraciones y fotografías a color ; |
| Dimensiones | 23 centímetros. |
| 505 ## - NOTA DE CONTENIDO | |
| Nota de contenido | Primera parte: Introducción y conceptos empleados.<br/>Segunda parte: Diagnóstico sobre la gestión integral de especies con potencial invasor en Colombia.<br/>Tercera parte: Estudios de caso sobre restauración ecológica de áreas afectadas por especies invasoras. |
| 650 04 - ASIENTO SECUNDARIO DE MATERIA - TERMINO TEMATICO | |
| Término temático o nombre geográfico como elemento de entrada | Especies invasoras |
| Subdivisión geográfica | Colombia |
| 9 (RLIN) | 84734 |
| 650 04 - ASIENTO SECUNDARIO DE MATERIA - TERMINO TEMATICO | |
| Término temático o nombre geográfico como elemento de entrada | Restauración ecológica |
| 9 (RLIN) | 92279 |
| 650 04 - ASIENTO SECUNDARIO DE MATERIA - TERMINO TEMATICO | |
| Término temático o nombre geográfico como elemento de entrada | Servicios ecosistémicos |
| 9 (RLIN) | 84736 |
| 650 04 - ASIENTO SECUNDARIO DE MATERIA - TERMINO TEMATICO | |
| Término temático o nombre geográfico como elemento de entrada | Pérdida de biodiversidad |
| 9 (RLIN) | 342 |
| 650 04 - ASIENTO SECUNDARIO DE MATERIA - TERMINO TEMATICO | |
| Término temático o nombre geográfico como elemento de entrada | Invasiones biológicas |
| Subdivisión general | gestión |
| 9 (RLIN) | 84737 |
| 650 04 - ASIENTO SECUNDARIO DE MATERIA - TERMINO TEMATICO | |
| Término temático o nombre geográfico como elemento de entrada | Especies invasoras |
| Subdivisión general | normatividad |
| Subdivisión geográfica | Colombia |
| 9 (RLIN) | 84738 |
| 700 1# - ASIENTO SECUNDARIO - NOMBRE PERSONAL | |
| Nombre personal | Cárdenas-Toro, Juliana. |
| Término de relación | Editora |
| 9 (RLIN) | 1038 |
| 700 1# - ASIENTO SECUNDARIO - NOMBRE PERSONAL | |
| Nombre personal | Baptiste, María Piedad |
| Término de relación | Editora |
| 9 (RLIN) | 84739 |
| 700 1# - ASIENTO SECUNDARIO - NOMBRE PERSONAL | |
| Nombre personal | Aguilar-Garavito, Mauricio |
| Término de relación | Editor |
| 9 (RLIN) | 84740 |
| 710 2# - ASIENTO SECUNDARIO - NOMBRE CORPORATIVO | |
| Nombre corporativo o de jurisdicción como elemento de entrada | Instituto de Investigación de Recursos Biológicos Alexander von Humboldt. |
| 9 (RLIN) | 204 |
| 700 1# - ASIENTO SECUNDARIO - NOMBRE PERSONAL | |
| 9 (RLIN) | 28411 |
| Nombre personal | Ramírez, Wilson |
| Término de relación | Editor |
| 942 ## - ELEMENTOS ADICIONALES (KOHA) | |
| Sistema de clasificación | Dewey Decimal Classification |
| Tipo de ítem | Libro |
| Koha issues (borrowed), all copies | 1 |
| Withdrawn status | Lost status | Sistema de Clasificación | Damaged status | No para préstamo | Colección | Ubicación Permanente | Ubicación actual | Fecha de adquisición | Total Checkouts | Número topográfico | Inventario / Código de Barras | Checked out | Date last seen | Date checked out | Ejemplar | Price effective from | Forma de adquisición | Tipo de material | Inventariado | Fuente de Valor | Valor |
|---|---|---|---|---|---|---|---|---|---|---|---|---|---|---|---|---|---|---|---|---|---|
| Dewey Decimal Classification | Humboldt | Bogotá | Bogotá | 09/11/2015 | 1 | IAVH-581.620986 C91h | 039356 | 30/11/2016 | 15/11/2016 | 15/11/2016 | Ej. 1 | 09/11/2015 | Institucional | Libro | |||||||
| Dewey Decimal Classification | Humboldt | Sala Fabio Quevedo | Sala Fabio Quevedo | 09/11/2015 | IAVH-581.620986 C91h | 039357 | 09/11/2015 | Ej. 2 | 09/11/2015 | Institucional | Libro | Inventariado 2017 | Instituto | 39000.00 |